| 000 | 01101nam a2200301Ia 4500 | ||
|---|---|---|---|
| 001 | 76978 | ||
| 003 | IT-RoPAU | ||
| 008 | 130308s9999 xx 000 0 und d | ||
| 040 | _aIT-RoPAU | ||
| 040 | _cIT-RoPAU | ||
| 041 | _aITALIANO | ||
| 100 | _aPastore Pierfranco | ||
| 100 | _gCodice Aut. SPICS: 22904 | ||
| 245 | _aPastorale della Chiesa universale in un ambiente di reti di comunicazione mondiali (La) | ||
| 245 | _bDomanda di Educazione e nuove tecnologie della Comunicazione | ||
| 250 | _a1a ed. | ||
| 260 | _aROMA | ||
| 260 | _bLas | ||
| 260 | _c1987 [1° Ed.:1987 - Ed.Ling.Originale:1987] | ||
| 300 | _a"16 p. (prefazione: no ; testo: 16 [pagine: 159-174])" | ||
| 500 | _aComunicazione planetaria Segno dei Tempi Rapporto Uomo e Comunicazione Esigenza di una Programmazione centrata sull'uomo Cultura della Comunicazione Verso la Cultura del consumo Comunicativo Coscienza di un impegno Pastorale Irrimandabile | ||
| 650 | _aEDUCAZIONE ALLA COMUNICAZIONE SOCIALE | ||
| 650 | _eCodice materia Spics: 3812 | ||
| 942 | _cBK | ||
| 957 | _71 | ||
| 999 |
_c45783 _d45783 |
||
| 999 | _bSI | ||
| 999 | _g2 | ||